Traité théorique et pratique de droit public et administratif... / (Record no. 152301)

MARC details
000 -LEADER
campo de control de longitud fija 00901nam a22002055i 4500
001 - NÚMERO DE CONTROL
campo de control 152301
003 - IDENTIFICADOR DE NÚMERO DE CONTROL
campo de control ES-MaACL
005 - FECHA Y HORA DE LA ÚLTIMA TRANSACCIÓN
campo de control 20230906204629.0
008 - DATOS DE LONGITUD FIJA--INFORMACIÓN GENERAL
campo de control de longitud fija 060419s1894 fr |||| | fre d
040 ## - FUENTE DE CATALOGACIÓN
Centro catalogador/agencia de origen CCPB
Lengua de catalogación spa
Centro/agencia transcriptor CCPB
100 1# - ENTRADA PRINCIPAL--NOMBRE DE PERSONA
Nombre de persona Boillot, Armand.
9 (RLIN) 29847
245 10 - MENCIÓN DEL TÍTULO
Título Traité théorique et pratique de droit public et administratif... /
Mención de responsabilidad, etc. par A. Batbie. Supplément ... / par Armand Boillot.
260 ## - PUBLICACIÓN, DISTRIBUCIÓN, ETC.
Lugar de publicación, distribución, etc. Paris :
Nombre del editor, distribuidor, etc. L. Larose,
Fecha de publicación, distribución, etc. 1894 (
Lugar de fabricación/manufactura Bar-Le-Duc :
Fabricante Imprimerie Contant-Laguerre)
300 ## - DESCRIPCIÓN FÍSICA
Extensión 388 p. ;
Dimensiones 23 cm.
505 8# - NOTA DE CONTENIDO CON FORMATO
Nota de contenido con formato Contiene: suplemento con la legislación, la jurisprudencia, el derecho comparado de 1º de Enero de 1885 a 1º Enero de 1893. Es el t. IX de la obra general
700 12 - ENTRADA AGREGADA--NOMBRE PERSONAL
Nombre de persona Batbie, A.
Título de la obra Traité théorique et pratique de droit public et administratif.
9 (RLIN) 125853
752 ## - ENTRADA AGREGADA--NOMBRE JERÁRQUICO DEL LUGAR
País o entidad superior Francia -
Ciudad París
752 ## - ENTRADA AGREGADA--NOMBRE JERÁRQUICO DEL LUGAR
País o entidad superior Francia -
Ciudad Bar-Le-Duc
852 ## - LOCALIZACIÓN
Ubicación ES-MaACL
Número de control de estantería F-5478
Holdings
Estatus retirado Estado de pérdida Estado de daño No para préstamo Colección Biblioteca de origen Biblioteca actual Ubicación en estantería Fecha de adquisición Fuente de adquisición Total de préstamos Signatura topográfica completa Código de barras Visto por última vez Precio de reemplazo Tipo de ítem Koha
        Libros del s. XIX Biblioteca del Ateneo de Madrid Biblioteca del Ateneo de Madrid Depósito 2 17/01/2008     F-5478 1159015 23/02/2023 23/02/2023 Libro impreso antiguo